000 00490nam a22001817a 4500
008 170612b xxu||||| |||| 00| p tur d
020 _a97571150307
041 _atur
050 _aPL234.E613
100 _a Erbaş, Şükrü
_9286
245 _aYolculuk / Kimliksiz Değişim
250 _a1+2. baskı
260 _aAnkara
_bÜmit Yayıncılık
_cNisan 1996
300 _a127 sayfa
500 _aCoşku Dizisi: 37 3 adet mevcuttur.
650 0 _9145
_aTürk Edebiyatı
942 _2lcc
_cBK
999 _c377
_d372